LEADER 00765nam0 22002771i 450 001 990007350730403321 005 20021010 010 $a0-415-14877-4 035 $a000735073 035 $aFED01000735073 035 $a(Aleph)000735073FED01 035 $a000735073 100 $a20021010d--------km-y0itay50------ba 101 0 $aita 200 1 $a<>Economics of International Integration$fPeter Robson 210 $aLondon$cRoutledge$d1998 215 $a325 pp 24 cm$d4th edition 700 1$aRobson,$bPeter$0121600 801 0$aIT$bUNINA$gRICA$2UNIMARC 901 $aBK 912 $a990007350730403321 951 $aXV M3 313$b270$c$dXV M3 313 959 $aDTE 996 $aEconomics of international integration$938422 997 $aUNINA DB $aGEN01 LEADER 05875nam 22007335 450 001 9910508443503321 005 20251229071010.0 010 $a3-662-63760-X 024 7 $a10.1007/978-3-662-63760-9 035 $a(MiAaPQ)EBC6804050 035 $a(Au-PeEL)EBL6804050 035 $a(CKB)19410539900041 035 $a(OCoLC)1285780363 035 $a(PPN)258841044 035 $a(BIP)82234204 035 $a(BIP)80380524 035 $a(DE-He213)978-3-662-63760-9 035 $a(EXLCZ)9919410539900041 100 $a20211113d2021 u| 0 101 0 $aeng 135 $aurcnu|||||||| 181 $ctxt$2rdacontent 182 $cc$2rdamedia 183 $acr$2rdacarrier 200 10$aAir Pollution Modeling and its Application XXVII /$fedited by Clemens Mensink, Volker Matthias 205 $a1st ed. 2021. 210 1$aBerlin, Heidelberg :$cSpringer Berlin Heidelberg :$cImprint: Springer,$d2021. 215 $a1 online resource (357 pages) 225 1 $aSpringer Proceedings in Complexity,$x2213-8692 311 08$aPrint version: Mensink, Clemens Air Pollution Modeling and Its Application XXVII Berlin, Heidelberg : Springer Berlin / Heidelberg,c2021 9783662637593 320 $aIncludes bibliographical references and index. 327 $aRole of Organic Aerosol Chemistry Schemes on Particulate Matter Modelling in Europe -- Biogenic Emissions and Urban Air Quality -- Global Simulations of Ice Nuclei Particles Derived from Organics and Inorganics Particles -- Estimating Aerosol Loads and Aerosol-cloud-interaction in the 1980s and Today -- Characterisation of Light-absorbing Particles in the Brussels Sub-urban Atmosphere and Implications for the Emission Scheme of a Regional Chemical Transport Model -- Traffic Emissions 2040 ? Impact on Air Quality in Germany -- Biogenic VOC Emission Modelling for Spain: Adaptation of the National Forest Inventory as Input for MEGANv3 -- Alteration of Vehicle Propellant Use and the Impact on CO2 Emissions and NO2 Concentrations in Gothenburg and Mölndal -- Improvements of Chemical Transport Modelling Over the Last 40 Years - a Personal Journey -- Timely Update of Emission Inventories with the Use of Satellite Data -- Modelling Atmospheric Composition in the Summertime Arctic: Transport of North American Biomass Burning Pollutants and their Impact on the Arctic Marine Boundary Layer Clouds -- Effect of Aerosol Nitrate Photolysis on Wintertime Air Quality -- Improved Estimation of Background Ozone and Emission Impacts Using Chemical Transport Modelling and Data Fusion -- Same Model (CAMx6.50), Same Year (2010), Two Different European Projects: How Similar are the Results? -- SMART Modelling Suite: Assessment of the Turbulence Parameterisation for the Simulation of Atmospheric Circulation and Dispersion -- Analysis of the Zero-out Method of Source Apportionment for Air Quality Modelling in Spain -- Spatio-temporal Modelling of Grass and Birch Pollen in Belgium -- Multi-compartment Chemistry Transport Models -- Climate Change Projections for Bulgaria According to RCP45 Scenario Until 2099 -- Interpreting Measurements from Air Quality Sensor Networks: Data Assimilation and Physical Modelling -- Need and Potential Benefits of Improving Aloft Air Pollution Characterization: A Modeling Perspective -- Optimal Interpolation Based Data Fusion Techniques to Improve Deterministic Air Quality Forecast -- Eigenmode-based Parameter Perturbation for Stochastic Chemistry Transport Modeling -- Evolution of the Performance of the Canadian Operational Regional Air Quality Deterministic Prediction System from 2010 to 2019 -- Statistical Methods to Forecast Air Quality in Taipa Ambient and Taipa Residential of Macao -- Impacts of Fine Particulate Matter and Climate Change on Human Health Over Europe - Present and Future Scenarios. 330 $aThis book is intended as reference material for students and professors interested in air pollution modeling at the graduate level as well as researchers and professionals involved in developing and utilizing air pollution models. Current developments in air pollution modeling are explored as a series of contributions from researchers at the forefront of their field. This newest contribution on air pollution modeling and its application is focused on local, urban, regional and intercontinental modeling; emission modeling and processing; data assimilation and air quality forecasting; model assessment and evaluation; aerosol transformation. Additionally, this work also examines the relationship between air quality and human health and the effects of climate change on air quality. This work is a collection of selected papers presented at the 37th International Technical Meeting on Air Pollution Modeling and its Application, held in Hamburg, Germany, September 23-27, 2019. 410 0$aSpringer Proceedings in Complexity,$x2213-8692 606 $aEcology 606 $aSystem theory 606 $aPhysical geography 606 $aEnvironmental monitoring 606 $aPublic health 606 $aEnvironmental Sciences 606 $aComplex Systems 606 $aEarth System Sciences 606 $aEnvironmental Monitoring 606 $aPublic Health 615 0$aEcology. 615 0$aSystem theory. 615 0$aPhysical geography. 615 0$aEnvironmental monitoring. 615 0$aPublic health. 615 14$aEnvironmental Sciences. 615 24$aComplex Systems. 615 24$aEarth System Sciences. 615 24$aEnvironmental Monitoring. 615 24$aPublic Health. 676 $a628.53015118 702 $aMensink$b Clemens 702 $aMatthias$b Volker 801 0$bMiAaPQ 801 1$bMiAaPQ 801 2$bMiAaPQ 906 $aBOOK 912 $a9910508443503321 996 $aAir pollution modeling and its application XXVII$92905346 997 $aUNINA LEADER 08507oam 2201297 c 450 001 9911002571603321 005 20260302090207.0 010 $a3-7639-4094-4 024 3 $a9783763940943 035 $a(CKB)3710000000399951 035 $a(EBL)2041887 035 $a(SSID)ssj0001558907 035 $a(PQKBManifestationID)16184511 035 $a(PQKBTitleCode)TC0001558907 035 $a(PQKBWorkID)14819744 035 $a(PQKB)10196795 035 $a(MiAaPQ)EBC2041887 035 $a(wbv Publikation)9783763940943 035 $a(EXLCZ)993710000000399951 100 $a20260302d2015 uy 0 101 0 $ager 135 $aur|n|---||||| 181 $ctxt 182 $cc 183 $acr 200 00$aQualifikation und Beruf in Deutschlands Regionen bis 2030 $eKonzepte, Methoden und Ergebnisse der BIBB-IAB-Projektionen /$fInstitut für Arbeitsmarkt- und Berufsforschung (IAB) der Bundesagentur für Arbeit, Gerd Zika, Tobias Maier 205 $a1st ed. 210 $aBielefeld$cwbv Publikation$d2015 215 $a1 online resource (210 p.) 225 0 $aIAB-Bibliothek$v353 300 $aDescription based upon print version of record. 311 08$a3-7639-4093-6 320 $aIncludes bibliographical references. 327 $aVorwort Gerd Zika, Tobias Maier, Markus Hummel und Robert Helmrich Entwicklung von Arbeitskräfteangebot und -bedarf bis 2030 in sechs Regionen 1 Einleitung 2 Demografie und Wirtschaftsstruktur in den deutschen Bundesländern 3 Methodisches Vorgehen 4 Qualifikations- und Berufsfeldprojektionen für Deutschland und sechs Regionen 4.1 Deutschland: Drohender Engpass bei Facharbeitern 4.2 NORD: Trotz Zuwanderungsgewinnen wird es eng 4.3 Nordrhein Westfalen: Fachkräfteengpass und viele Ungelernte 4.4 Mitte-West: Die Mitte Deutschlands folgt dem Bundestrend 4.5 Baden-Württemberg: Fast entspannte Entwicklung im Musterländle 4.6 Bayern: Fachkräftemangel und drohender Akademikerüberhang 4.7 OST: Die Facharbeiter sind weg 5 Fazit Literatur Anke Mönnig und Marc Ingo Wolter Die Entwicklung des Arbeitskräftebedarfs nach Bundesländern und Regionen 1 Einleitung 2 Die Wirtschaftsbereiche - Branchen im Fokus 3 Branchen und Erwerbstätige in den Regionen 3.1 Grundannahmen der Entwicklung 3.2 Wichtige Indikatoren regionaler Entwicklung 3.3 Die Entwicklung nach 25 Wirtschaftszweigen 4 Leistungsfähigkeit des Modells und weitergehender Forschungsbedarf Literatur Carsten Hänisch und Michael Kalinowski Regionalisierte Projektion des Arbeitsangebotes nach Qualifikationsstufen und Berufsfeldern bis 2030 auf Basis des BIBB-FIT-Modells 1 Einleitung 2 Methodik 3 Bevölkerung 4 Wanderungen 5 Übergänge im und Abgänge aus dem Bildungssystem 5.1 Aufbau des Übergangmodells 5.2 Annahmen zur Entwicklung der Schüler- und Studierendenbestände 5.3 Abgänge aus dem Bildungssystem nach Qualifikationsstufen 5.4 Neuangebot nach Berufen 6 Entwicklung der Bevölkerung im erwerbsfähigen Alter 7 Fazit Anhang 1: Tabellen zur Bevölkerung Anhang 2: Tabellen zur Bildung Anhang 3: Bevölkerung nach Qualifikation und Alter Literatur Tobias Maier, Caroline Neuber-Pohl, Anke Mönnig und Marc Ingo Wolter Erwerbsverhalten, berufliche Flexibilitäten, Arbeitsvolumenpotenzial und Pendelbewegungen auf regionaler Ebene 1 Einleitung 2 Erwerbsverhalten am Wohnort nach erlernten Berufen 2.1 Fortschreibungsmethode 2.2 Erwerbsquoten nach Geschlecht und Alter 2.3 Erwerbsquoten nach Qualifikationsniveau 3 Berufliche Flexibilitäten und ihre Berücksichtigung im regionalen Kontext 3.1 Fortschreibungsmethode auf regionaler Ebene 3.2 Berufliche Flexibilitäten in der Bundesrepublik 3.3 Ostdeutschland 3.4 Region NORD 3.5 Nordrhein-Westfalen 3.6 Region Mitte-West 3.7 Baden-Württemberg 3.8 Bayern 3.9 Verteilung der beruflich nicht formal Qualifizierten 3.9.1 Fortschreibungsmethode 4 Regionales Arbeitsvolumenpotenzial 4.1 Fortschreibungsmethode 5 Pendlerbewegungen zwischen den Regionen 5.1 Fortschreibungsmethode 5.2 Pendelbewegungen nach Qualifikationen und Berufen 6 Fazit Anhang Literatur Kurzfassung 330 $aMit dieser Veröffentlichung werden sowohl die Modellierung als auch Ergebnisse der ersten regionalspezifischen BIBB-IAB-Qualifikations- und Berufsfeldprojektionen vorgestellt. Unter Berücksichtigung regionaler Unterschiede werden in einer hybriden Modellierung die Ergebnisse der dritten Welle des QuBe-Projektes nach sechs Regionen differenziert. Während der erste Beitrag den Fokus auf die Bedarfs- und Angebotsentwicklung nach Qualifikationen und Berufen richtet (Zika et al.), stellen die anderen Beiträgen dieses Sammelbandes die methodischen Verfahren und detaillierten Ergebnisse in den Regionen zur Bevölkerungsentwicklung nach Qualifikationen (Hänisch/Kalinowski), zu Erwerbsbeteiligung, beruflicher Flexibilität, Pendelbewegungen und Arbeitsvolumenpotenzial (Maier et al.) sowie zur wirtschaftlichen Entwicklung nach Branchen und Berufen (Mönnig/Wolter) dar. In this publication, both the modelling and the results of the first region-specific BIBB-IAB Qualifications and Occupational Field Projections are presented. Taking regional differences into account, the results of the third wave of the QuBe Project are differentiated in a hybrid model according to six regions. While the first contribution focuses on the development of labour market demand and supply according to qualifications and occupations (Zika et al.), the other contributions of this collected volume describe the underlying methodology and present for each region a detailed discussion of the results with respect to population developments by qualification (Hänisch/Kalinowski), labour market participation, occupational flexibility, commuter flows and potential volume of work (Maier et al.) and economic developments by economic sector and occupational field (Mönnig/Wolter). 410 0$aIAB-Bibliothek ;$v353. 606 $ademografischer Wandel 606 $aAlter 606 $aFachkräftemangel 606 $aZuwanderung 606 $aBildungssystem 606 $aBeruf 606 $aForschung 606 $aDemografie 606 $aQualifikation 606 $aArbeitsmarkt 606 $aBundesinstitut für Berufsbildung 606 $aArbeitskräfte 606 $aArbeitskräftebedarf 606 $aFacharbeiter 606 $aBildung 606 $aFachkräfte 606 $aRegionalentwicklung 606 $aLeistungsfähigkeit 606 $aArbeitskräfteangebot 606 $aBerufsfelder 606 $aArbeitsangebot 606 $aIndikator 606 $aAktive Arbeitsmarktpolitik 606 $aAngebotsentwicklung 606 $aModellbildung 606 $aInstitut für Arbeitsmarkt- und Berufsforschung 606 $aWirtschaftsstruktur 606 $aAkademikerüberhang 606 $aBevölkerungsentwicklung 606 $aBerufsfeldprojektion 606 $aQualifikations- und Berufsfeldprojektion 606 $aQuBe-Projekt 615 4$ademografischer Wandel 615 4$aAlter 615 4$aFachkräftemangel 615 4$aZuwanderung 615 4$aBildungssystem 615 4$aBeruf 615 4$aForschung 615 4$aDemografie 615 4$aQualifikation 615 4$aArbeitsmarkt 615 4$aBundesinstitut für Berufsbildung 615 4$aArbeitskräfte 615 4$aArbeitskräftebedarf 615 4$aFacharbeiter 615 4$aBildung 615 4$aFachkräfte 615 4$aRegionalentwicklung 615 4$aLeistungsfähigkeit 615 4$aArbeitskräfteangebot 615 4$aBerufsfelder 615 4$aArbeitsangebot 615 4$aIndikator 615 4$aAktive Arbeitsmarktpolitik 615 4$aAngebotsentwicklung 615 4$aModellbildung 615 4$aInstitut für Arbeitsmarkt- und Berufsforschung 615 4$aWirtschaftsstruktur 615 4$aAkademikerüberhang 615 4$aBevölkerungsentwicklung 615 4$aBerufsfeldprojektion 615 4$aQualifikations- und Berufsfeldprojektion 615 4$aQuBe-Projekt 676 $a338.943 702 $aZika$b Gerd$4edt 702 $aMaier$b Tobias$4edt 712 02$aInstitut für Arbeitsmarkt- und Berufsforschung (IAB) der Bundesagentur für Arbeit$4edt 801 0$bMiAaPQ 801 1$bMiAaPQ 801 2$bMiAaPQ 906 $aBOOK 912 $a9911002571603321 996 $aQualifikation und Beruf in Deutschlands Regionen bis 2030$94379276 997 $aUNINA